Online Catalogue and eLibrary

The madwoman's underclothes. (Record no. 177)

MARC details
000 -LEADER
fixed length control field 00431nam a22001697a 4500
005 - DATE AND TIME OF LATEST TRANSACTION
control field 20231218011815.0
008 - FIXED-LENGTH DATA ELEMENTS--GENERAL INFORMATION
fixed length control field 231218b |||||||| |||| 00| 0 eng d
020 ## - INTERNATIONAL STANDARD BOOK NUMBER
ISBN 0330301497.
082 ## - DDC Classification
DDC Edition Number 22
Class No. 305.4.
Item Number - Author Mark GRE.
100 ## - MAIN ENTRY--PERSONAL NAME
Personal name Greer Germaine.
245 ## - TITLE STATEMENT
Title The madwoman's underclothes.
Statement of responsibility, etc. Germaine Greer.
250 ## - EDITION STATEMENT
Edition statement 2nd.,
260 ## - PUBLICATION, DISTRIBUTION, ETC.
Place of publication, distribution, etc. London.
Name of publisher, distributor, etc. Pan books ltd.,
Date of publication, distribution, etc. 1986.
300 ## - PHYSICAL DESCRIPTION
Extent (e.g. Volumes, Pages etc.) xxvii, 305 p.:
650 ## - SUBJECT ADDED ENTRY--TOPICAL TERM
Topical term or geographic name entry element women.
942 ## - Koha item type (Biblio)
Koha item type Books in Stacks (Lending)
Holdings
Lost status Damaged status Collection code Home library Current library Date acquired Full call number Accession Number Item type
    Lending WERC Library WERC Library 12/18/2023 305.4. GRE. 2061 Books in Stacks (Lending)

© WERC Library